000 01076cam a22003014a 4500
001 12799940
003 OSt
005 20240315145702.0
008 020603s2003 maua b 001 0 eng
010 _a 2002075205
020 _a9780071111805
020 _a0071151109 (ISE)
040 _aDLC
_cDLC
_dDLC
042 _apcc
050 0 0 _aQA76.9.D3
_bR237 2003
082 0 0 _a005.74POS 2005.
100 1 _aPost,Gerald V; Gehrke, Johannes
_96597
245 1 0 _aDatabase Management Systems
260 _aBoston;
_bMcGraw-Hill,
_c2005.
300 _axxii, 424p. :
_bill. ;
_c25 cm.
504 _aIncludes glossary and indexes.
650 0 _aDatabase management.
_9508
856 4 2 _3Publisher description
_uhttp://www.loc.gov/catdir/description/mh024/2002075205.html
856 4 1 _3Table of contents
_uhttp://www.loc.gov/catdir/toc/mh023/2002075205.html
906 _a7
_bcbc
_corignew
_d1
_eocip
_f20
_gy-gencatlg
942 _2ddc
_cO_SHELF
999 _c4923
_d4923